Obchodné vojny s polovodičmi: hodnotenie geopolitických vplyvov na globálnu ponuku a dopyt bakalárska práca

Salvato in:
Dettagli Bibliografici
Autore principale: Korda, Adam
Ente Autore: Obchodná fakulta EU. Katedra medzinárodného obchodu
Altri autori: Luptáková, Anabela, 1995-
Natura: Libro
Lingua:slovacco
Pubblicazione: Bratislava 2025
Tags: Aggiungi Tag
Nessun Tag, puoi essere il primo ad aggiungerne!!

MARC

LEADER 00000nbm a2200000 4500
001 0311227
005 20260319082828.5
041 0 |a slo 
044 |a SK 
245 1 0 |a Obchodné vojny s polovodičmi: hodnotenie geopolitických vplyvov na globálnu ponuku a dopyt  |b bakalárska práca  |c Adam Korda ; školiteľ: Anabela Luptáková 
264 1 |a Bratislava  |c 2025 
300 |a 53 s. 
100 1 |a Korda, Adam 
700 1 |a Luptáková, Anabela, 1995- 
710 2 |a Obchodná fakulta EU. Katedra medzinárodného obchodu